<?xml version="1.0" encoding="UTF-8"?>
<record
    xmlns:xsi="http://www.w3.org/2001/XMLSchema-instance"
    xsi:schemaLocation="http://www.loc.gov/MARC21/slim http://www.loc.gov/standards/marcxml/schema/MARC21slim.xsd"
    xmlns="http://www.loc.gov/MARC21/slim">

  <leader>01354cam a22002417a 4500</leader>
  <datafield tag="999" ind1=" " ind2=" ">
    <subfield code="c">7180</subfield>
    <subfield code="d">7180</subfield>
  </datafield>
  <controlfield tag="003">OSt</controlfield>
  <controlfield tag="005">20211222142854.0</controlfield>
  <controlfield tag="008">181115s2018    sp a          001 0bspa|d</controlfield>
  <datafield tag="017" ind1=" " ind2=" ">
    <subfield code="a">DL M  20548-2018</subfield>
    <subfield code="b">Oficina DL Madrid</subfield>
  </datafield>
  <datafield tag="020" ind1=" " ind2=" ">
    <subfield code="a">9788437638836</subfield>
  </datafield>
  <datafield tag="040" ind1=" " ind2=" ">
    <subfield code="a">ES-BaUAB</subfield>
    <subfield code="b">cat</subfield>
    <subfield code="c">CDMR</subfield>
  </datafield>
  <datafield tag="100" ind1="1" ind2=" ">
    <subfield code="a">Marzo, Jorge Luis,</subfield>
  </datafield>
  <datafield tag="245" ind1="1" ind2="3">
    <subfield code="a">La competencia de lo falso </subfield>
    <subfield code="b">: una historia del fake /</subfield>
    <subfield code="c">Jorge Luis Marzo ; pr&#xF3;logo de Joan Fontcuberta</subfield>
  </datafield>
  <datafield tag="260" ind1=" " ind2=" ">
    <subfield code="a">Madrid :</subfield>
    <subfield code="b">C&#xE1;tedra,</subfield>
    <subfield code="c">2018</subfield>
  </datafield>
  <datafield tag="300" ind1=" " ind2=" ">
    <subfield code="a">308 p. :</subfield>
    <subfield code="b">il ;</subfield>
    <subfield code="c">18 cm</subfield>
  </datafield>
  <datafield tag="504" ind1=" " ind2=" ">
    <subfield code="a">Inclou bibliografia i &#xED;ndex</subfield>
  </datafield>
  <datafield tag="520" ind1=" " ind2=" ">
    <subfield code="a">"Tradiciones inventadas. Pintores que no existen. Libros que debieran haber existido. Identidades tomadas en pr&#xE9;stamo. La rica cultura de lo falso se ha tejido a la sombra de diferentes regulaciones de la verdad destinadas a delimitar qu&#xE9; es ficci&#xF3;n y qu&#xE9; realidad. Hoy sabemos que son la misma cosa, y que la ficci&#xF3;n funda realidades, que tiene voluntad p&#xFA;blica, cuestionando la com&#xFA;n interpretaci&#xF3;n de lo verdadero. La gesti&#xF3;n de la verdad y de sus formatos es la base de toda autoridad. El "fake" surge precisamente para cortocircuitarla, explorando sus quimeras ling&#xFC;&#xED;sticas." --</subfield>
    <subfield code="c">Ediciones C&#xE1;tedra</subfield>
  </datafield>
  <datafield tag="650" ind1=" " ind2="4">
    <subfield code="a">Veritat i mentida</subfield>
  </datafield>
  <datafield tag="650" ind1=" " ind2="0">
    <subfield code="a">Desinformaci&#xF3;</subfield>
    <subfield code="9">4286</subfield>
  </datafield>
  <datafield tag="650" ind1=" " ind2="0">
    <subfield code="a">Fake news</subfield>
    <subfield code="9">4796</subfield>
  </datafield>
  <datafield tag="700" ind1="1" ind2=" ">
    <subfield code="a">Fontcuberta, Joan</subfield>
    <subfield code="d">1955-</subfield>
    <subfield code="9">977</subfield>
  </datafield>
  <datafield tag="942" ind1=" " ind2=" ">
    <subfield code="c">MON</subfield>
    <subfield code="2">udc</subfield>
  </datafield>
  <datafield tag="952" ind1=" " ind2=" ">
    <subfield code="0">0</subfield>
    <subfield code="1">0</subfield>
    <subfield code="4">0</subfield>
    <subfield code="7">0</subfield>
    <subfield code="a">CDMR</subfield>
    <subfield code="b">CDMR</subfield>
    <subfield code="d">2018-11-15</subfield>
    <subfield code="e">Intercanvi</subfield>
    <subfield code="g">20.00</subfield>
    <subfield code="l">3</subfield>
    <subfield code="m">3</subfield>
    <subfield code="o">Ck 3/24</subfield>
    <subfield code="p">CDMR18111620</subfield>
    <subfield code="r">2020-02-18</subfield>
    <subfield code="s">2019-10-30</subfield>
    <subfield code="v">20.00</subfield>
    <subfield code="w">2018-11-15</subfield>
    <subfield code="y">MON</subfield>
  </datafield>
</record>
